Reinventando el marketing de empresa a empresa
Uloženo v:
| Hlavní autor: | |
|---|---|
| Médium: | Kniha |
| Jazyk: | španělština |
| Vydáno: |
Madrid
Díaz de Santos
1991
|
| Vydání: | 1a. ed |
| Témata: | |
| Tagy: |
Přidat tag
Žádné tagy, Buďte první, kdo vytvoří štítek k tomuto záznamu!
|
MARC
| LEADER | 00000cam a2200000 a 4500 | ||
|---|---|---|---|
| 001 | UCD6469 | ||
| 003 | CL-VaPUC | ||
| 008 | 161209e19910000sp |||||||||||||||||spa|d | ||
| 020 | |a 847978136X | ||
| 082 | 0 | 4 | |a 658.8 |b SHE |2 21 |
| 100 | 0 | |a Sherlock, Paul |e author |9 590287 | |
| 245 | 1 | 0 | |a Reinventando el marketing de empresa a empresa |
| 250 | |a 1a. ed | ||
| 300 | |a 231 p | ||
| 942 | |c BK | ||
| 945 | |d 20161209 23:21:00 |a arojas | ||
| 260 | |a Madrid |b Díaz de Santos |c 1991 | ||
| 650 | 0 | |a Marketing |9 259324 | |
| 650 | 0 | |a Gestión de marketing |9 496779 | |
| 650 | 0 | |a Proveedores |9 494563 | |
| 583 | |a last modification |c 20161209 23:21:00 |k Rodrigo Vera | ||
| 999 | |c 366784 |d 366782 | ||